000 00440nam a2200169 a 4500
001 0000-8706
003 ELIB.Books
008 110520 1959
035 _a(ELIB.Books)0000-8852
082 _a268.85
_bMac
100 _aMacleod, Jack M.
245 _aTheirs is the Kingdom
260 _bPhiladelphia: The Westminster Press
_c1959
650 _aChristian Education
942 _2ddc
_cBK
998 _cbat
_e2011-05-20
999 _c8706
_d8706